01024nam a2200253 i 4500001000700000003000900007005001700016007000300033008004100036080002300077080002300100080002400123100003500147245015300182260006000335300002200395530003500417600003900452651005700491651003900548700004100587852002800628856011400656139033ES-MaACL20260303141512.0t|070214s1910 sp |||| |bspa d a355.49(460.18)"13" a355.49(460.18)"13" a94(460.18)"1312/50"1 aSaralegui y Medina, Manuel de.10aSilueta del Almirante de Castilla Don Alfonso Jofre de Tenorio /cManuel de Saralegui y Medina ; prólogo del Excmo. Sr. D. Pedro de Novo y Colson. aMadrid : b[s.n.], c1910 (fHijos de M.G. Hernández) a132 p. ; c19 cm. aDisponible en formato digital.17aJofre Tenorio, Alfonso, d?-13402 4aCastilla (Reino)-xHistoria-y1312-1350, Alfonso XI. 4aCastilla (Reino)-xHistoria naval.1 aNovo y Colson, Pedro de, d1846-1931 aES-MaACLjF-10517cSPP24 uhttp://bnedigital.bne.es/bd/es/card?id=54ebad9f-5509-49c3-b0eb-9fccb8c2e17by(Biblioteca Digital Hispánica)